000 00332nam a22001457a 4500
003 OSt
005 20160727222400.0
008 160623b xxu||||| |||| 00| 0 eng d
040 _cTEST
100 _9650
_aCompton, J
245 _aFriendly Tales
260 _aLONDON
_bGIN & CON LTD
_c1966
300 _aFriendly Tales
942 _2ddc
_cBK
999 _c531
_d531